Представление документа в формате MARC21

ПолеНазваниеЗначение
  Тип записи a
  Библиографический уровень m
001 Контрольный номер RU/URAIT/589259
005 Дата корректировки 20260429163653.5
008 Кодируемые данные 260429s2026 RU y f j 000 0 rus u
020 Индекс ISBN __
a ISBN 978-5-534-16402-2
c Цена, тираж 2519.00
040 Источник каталогиз. __
a Служба первич. каталог. ИКО Юрайт
c Служба, преобразующая запись ИКО Юрайт
e Правила каталог. RCR
041 Код языка издания __
a Код языка текста rus
044 Код страны публикации __
a Код страны публикации RU
080 Индекс УДК __
a Индекс УДК 008(075.8)
084 Индекс другой классификации/Индекс ББК __
2 Источник индекса rubbk
a Индекс другой классификации/Индекс ББК 71я73
100 Автор __
a Автор Иконникова С. Н.
q Полное имя Иконникова Светлана Николаевна
245 Заглавие __
a Заглавие Культурология
b Продолж. заглавия учебник для вузов
c Ответственность С. Н. Иконникова [и др.] ; под редакцией С. Н. Иконниковой, В. П. Большакова.
250 Сведения об издании __
g испр. и доп
a Основные сведения об издании 2-е изд.
256 Характеристики компьютерного файла __
a Характеристики компьютерного файла Электрон. дан.
260 Выходные данные __
a Место издания Москва
b Издательство Юрайт
c Дата издания 2026
300 Физическое описание __
a Объем 495 с
440 Серия __
a Серия Высшее образование
500 Примечания __
a Примечание URL: https://urait.ru/bcode/589259 (дата обращения: 29.04.2026).
520 Аннотация __
a Аннотация В учебнике рассмотрены проблемы теории культуры, методов ее изучения, даны особенности этапов исторического развития культуры, современной культуры (мировой и отечественной), социологии и семиотики культуры, межкультурных коммуникаций и культуры повседневности. Освещены вопросы, связанные с практическим значением культурологии. К каждой главе приведены контрольные вопросы и дополнительная литература. Основной материал дополнен словником, в котором даны определения основных культурологических понятий и терминов. Учебник состоит из двух частей. В первой части раскрыты вопросы теоретической культурологии: понимание культуры, ее связь с обществом, личностью, культура общения, повседневности и т.д. Во второй части приведена история культуры в разные периоды (первобытная эпоха, древние цивилизации, античный мир, Средневековье, Новое время, современность, отдельно дана история русской культуры), раскрыты вопросы практической культурологии.
538 Прим. о системных особенностях __
a Прим. о системных особенностях Режим доступа: Электронно-библиотечная система Юрайт, для авториз. пользователей
653 Ключевые слова __
a Ключевые слова Культура. Культурология
653 Ключевые слова __
a Ключевые слова Гуманитарные науки
653 Ключевые слова __
a Ключевые слова История мировой культуры
653 Ключевые слова __
a Ключевые слова Культурология
653 Ключевые слова __
a Ключевые слова Прикладная культурология
653 Ключевые слова __
a Ключевые слова История культуры
653 Ключевые слова __
a Ключевые слова Теория культуры
653 Ключевые слова __
a Ключевые слова История и теория мировой культуры
653 Ключевые слова __
a Ключевые слова История культурологии
653 Ключевые слова __
a Ключевые слова Теория и история культуры
653 Ключевые слова __
a Ключевые слова Культурология (включая религиоведение и культурологические основы СМИ)
653 Ключевые слова __
a Ключевые слова История и теория культуры
653 Ключевые слова __
a Ключевые слова История культурологической мысли
653 Ключевые слова __
a Ключевые слова Основы культурологии
653 Ключевые слова __
a Ключевые слова Введение в культурологию
653 Ключевые слова __
a Ключевые слова Культуроведение. Общие вопросы
653 Ключевые слова __
a Ключевые слова История культурологических концепций
653 Ключевые слова __
a Ключевые слова Теория и история мировой культуры
653 Ключевые слова __
a Ключевые слова История культурологических учений
653 Ключевые слова __
a Ключевые слова Мировая культура и искусство (Культурология)
653 Ключевые слова __
a Ключевые слова Прикладная культурология и основы социокультурной деятельности
653 Ключевые слова __
a Ключевые слова Теоретическая культурология
700 Другие авторы __
a Другие авторы Большаков В. П.
q Полное имя Большаков Валерий Павлович
700 Другие авторы __
a Другие авторы Лелеко В. Д.
q Полное имя Лелеко Виталий Дмитриевич
700 Другие авторы __
a Другие авторы Борзова Е. П.
q Полное имя Борзова Елена Петровна
700 Другие авторы __
a Другие авторы Махлина С. Т.
q Полное имя Махлина Светлана Тевельевна
700 Другие авторы __
a Другие авторы Москвина И. К.
q Полное имя Москвина Ирина Константиновна
700 Другие авторы __
a Другие авторы Островская Е. П.
q Полное имя Островская Елена Петровна
700 Другие авторы __
a Другие авторы Прокуденкова О. В.
q Полное имя Прокуденкова Ольга Викторовна
700 Другие авторы __
a Другие авторы Скотникова Г. В.
q Полное имя Скотникова Галина Викторовна
700 Другие авторы __
a Другие авторы Суворов Н. Н.
q Полное имя Суворов Николай Николаевич
856 Электронный адрес документа 40
n Местонахождение сервера Юрайт
g Электронная книга
q Тип электронного формата html
h Имя пользователя ЮРАЙТ
v Часы доступа к ресурсу 20271231
2 Способ доступа Показать документ
x Служебное примечание https://urait.ru/book/cover/B22C1621-20AE-40EA-BF29-2373D0F0005D
u URL https://urait.ru/bcode/589259
856 Электронный адрес документа 48
q Тип электронного формата cover
u URL https://urait.ru/book/cover/B22C1621-20AE-40EA-BF29-2373D0F0005D
911 __
u 0030=https://urait.ru/bcode/589259
911 __
u 073a=9785534164022
u 073d=2519.00
911 __
u 106a=s
911 __
u 900l=
952 Тип литературы __
i Дисциплина История мировой культуры
952 Тип литературы __
i Дисциплина Культурология
952 Тип литературы __
i Дисциплина Прикладная культурология
952 Тип литературы __
i Дисциплина История культуры
952 Тип литературы __
i Дисциплина Теория культуры
952 Тип литературы __
i Дисциплина История и теория мировой культуры
952 Тип литературы __
i Дисциплина История культурологии
952 Тип литературы __
i Дисциплина Теория и история культуры
952 Тип литературы __
i Дисциплина Культурология (включая религиоведение и культурологические основы СМИ)
952 Тип литературы __
i Дисциплина История и теория культуры
952 Тип литературы __
i Дисциплина История культурологической мысли
952 Тип литературы __
i Дисциплина Основы культурологии
952 Тип литературы __
i Дисциплина Введение в культурологию
952 Тип литературы __
i Дисциплина Культуроведение. Общие вопросы
952 Тип литературы __
i Дисциплина История культурологических концепций
952 Тип литературы __
i Дисциплина Теория и история мировой культуры
952 Тип литературы __
i Дисциплина История культурологических учений
952 Тип литературы __
i Дисциплина Мировая культура и искусство (Культурология)
952 Тип литературы __
i Дисциплина Прикладная культурология и основы социокультурной деятельности
952 Тип литературы __
i Дисциплина Теоретическая культурология